| 000 | 01191nam a22003375a 4500 | ||
|---|---|---|---|
| 003 | EG-ScBUE | ||
| 005 | 20220703152453.0 | ||
| 008 | 180509t2004 enka f d 000 0 eng d | ||
| 020 | _a9780759398566 | ||
| 020 | _a0759398569 | ||
| 040 |
_aEG-ScBUE _beng _erda _cEG-ScBUE _dEG-ScBUE |
||
| 082 | 0 | 4 |
_222 _a428.2402465 _bPOW |
| 100 | 1 |
_aPowell, Mark _c(English teacher), _eauthor. _937928 |
|
| 245 | 1 | 0 |
_aNew business matters : _bbusiness English with a lexical approach, _pCoursebook / _cMark Powell, with skills units by Ron Martinez and video worksheets by Rosi Jillett. |
| 246 | 3 | 0 | _aCoursebook |
| 264 | 1 |
_aLondon : _bThomson Learning, _c[2004] |
|
| 264 | 4 | _cc2004 | |
| 300 |
_a175 pages : _billustrations ; _c28 cm |
||
| 336 |
_2rdacontent _atext _btxt |
||
| 337 |
_2rdamedia _aunmediated _bn |
||
| 338 |
_2rdacarrier _avolume _bnc |
||
| 500 | _aIncludes glossary. | ||
| 650 | 7 |
_aEnglish language _xBusiness English. _2BUEsh _93736 |
|
| 650 | 7 |
_95501 _aEnglish language _xGrammar. _2BUEsh |
|
| 651 | _2BUEsh | ||
| 653 |
_bBUSADM _bHHUUEENN _cMay2018 |
||
| 655 |
_vReading book _934232 |
||
| 700 | 1 |
_aMartinez, Ron, _eauthor. _938774 |
|
| 700 | 1 |
_aJillett, Rosi, _eauthor. |
|
| 942 |
_2ddc _cBB |
||
| 999 |
_c26681 _d26653 |
||